|
|
|
|
| LEADER |
00000nam a22000007a 4500 |
| 005 |
20170912003027.0 |
| 007 |
cr|||| |||| |
| 008 |
170912s2005 mx |||||s||||f00||0 spa d |
| 035 |
|
|
|a 20517
|
| 040 |
|
|
|a vLex
|
| 090 |
|
|
|c 6962
|d 6962
|
| 100 |
1 |
|
|a Cabada Huerta, Marineyla
|
| 245 |
1 |
2 |
|a El Territorio Insular de Mx̌ico
|h [Recurso electrn̤ico] /
|c Marineyla Cabada Huerta
|
| 256 |
|
|
|a Servicio en ln̕ea
|
| 260 |
|
|
|a Ciudad de Mx̌ico:
|b Cm̀ara de Diputados,
|c 2005
|
| 300 |
|
|
|a 1 recurso electrn̤ico (55 p.)
|
| 506 |
1 |
|
|a Disponible solo en los productos indicados
|d vLex Global
|d vLex Global (Academic Edition, excluding Law Schools)
|d vLex Global (U.S. Academic Edition, Law Schools)
|d vLex Global (U.S. Academic Edition, excluding Law Schools)
|d vLex Global (Academic Edition, Law Schools)
|
| 650 |
0 |
4 |
|a Derecho Pb︢lico y Administrativo
|z Mx̌ico
|
| 740 |
0 |
|
|a vLex Libros (Servicio en ln̕ea)
|
| 856 |
4 |
0 |
|u http://vlex.com/source/territorio-insular-mexico-20517
|z Acceso restringido
|
| 942 |
|
|
|c BOOK
|
| 999 |
0 |
|
|a Public and Administrative Law
|